Labour market institutions, innovation and youth employment in sub-saharan Africa (Record no. 530695)

000 -LEADER
fixed length control field 01669nam a22001457a 4500
008 - FIXED-LENGTH DATA ELEMENTS--GENERAL INFORMATION
fixed length control field 250709b ||||| |||| 00| 0 eng d
100 ## - MAIN ENTRY--PERSONAL NAME
Personal name Adegboye, Abidemi C.
245 ## - TITLE STATEMENT
Title Labour market institutions, innovation and youth employment in sub-saharan Africa
260 ## - PUBLICATION, DISTRIBUTION, ETC. (IMPRINT)
Place of publication, distribution, etc The Indian Journal of Labour Economics
300 ## - PHYSICAL DESCRIPTION
Extent 68(1), Jan- Mar, 2025: p.203-219
520 ## - SUMMARY, ETC.
Summary, etc In this study, the effects of labour market institutions (LMIs) and innovation on youth employment are examined using data for 27 sub-Saharan African (SSA) countries over the period 2007 and 2019. The feasible generalised least squares method is employed in the empirical analysis. The study finds that a combination of flexible (employment protection) and tight (wage adjustments) LMIs is the best means of improving youth employment among SSA countries. Moreover, while R&D (research & development) expenditure of firms (demand-side innovation) promotes youth employment in the region, more supply-side focussed innovations are found to directly limit youth employment. It is, however, found that LMIs temper the effects of innovation on youth employment. In particular, LMIs favour innovations that are supply side, but limit the positive effects of demand-side innovation on employment. Policy measures on reforming LMIs and promoting innovation for improving youth employment are provided in the study. - Reproduced

https://link.springer.com/article/10.1007/s41027-025-00556-2
650 ## - SUBJECT ADDED ENTRY--TOPICAL TERM
Topical term or geographic name as entry element employment protection, innovation, labour market flexibility, wage bargaining, wage adjustment, youth employment
9 (RLIN) 54930
942 ## - ADDED ENTRY ELEMENTS (KOHA)
Item type Articles
Holdings
Withdrawn status Lost status Source of classification or shelving scheme Damaged status Not for loan Permanent location Current location Date acquired Barcode Date last seen Koha item type
          Indian Institute of Public Administration Indian Institute of Public Administration 2025-07-09 AR136488 2025-07-09 Articles

Powered by Koha